000 00579nam a2200205 i 4500
001 126738
003 ES-MaACL
005 20230906192853.0
007 t|
008 070214s1967 sp r ||||1| spa d
100 1 _aRevol, Enrique Luis.
_996452
245 1 4 _aLos intrusos
_b: (relatos) /
_cEnrique Luis Revol.
250 _a1ª. ed.
260 _aBarcelona :
_bSeix Barral,
_c1967.
300 _a182 p. ;
_c20 cm.
490 1 _aNueva Narrativa Hispánica
830 0 _aNueva Narrativa Hispánica
_9180692
852 _aES-MaACL
_jC-33503
_bR.64119
999 _c126738
_d126738